000 00399nam a2200133Ia 4500
005 20260328104321.0
008 260328s9999||||xx |||||||||||||| ||und||
100 _aFernández Alba, Antonio
245 0 _aLa metrópoli vacía :
_b aurora y crepusculo de la Arquitectura en la Ciudad Moderna /
_cAntonio Fernández Alba
260 _bDel Hombre
300 _a206 p.
650 _aTEORÍA
942 _cBK
999 _c11350
_d11350